00943 2200349 4500001002100000005001500021035002000036007000300056040001700059100002700076245006800103250001000171300003800181020002200219041000800241082000800249084001400257090002100271264003000292336002100322337003000343338002300373650001400396850001000410008004100420700002800461504002400489990002000513990002000533990002000553990002000573INLIS00000000000876020260518103016 a0010-1022000135ta aSBPUPADbind0 aCS PriyantiePengarang1 aInspirasi Segar Dengan Kreasi Sampah Segar Dapur /cCS Priyanti aEd. 1 aX, 86 hlm. :bilus. ;c19 X 23 cm a978-979-29-6025-9 aind a680 a680 PRI i a813 GOB h L24-12 aYogyakarta :bANDI,c2016 2rdacontentateks 2rdamediaatanpa perantara 2rdacarrieravolume 4aInspirasi aPUPAD260518 0 0 aEditor, MayaePengarang aBibliografi, hlm 77 a27.333/H/DPK/18 a27.336/H/DPK/18 a27.335/H/DPK/18 a27.334/H/DPK/18